01122nam a2200253 a 450000100100000000500170001000800410002704000250006804100080009308200210010110000250012224501360014726000610028330000210034450000690036550400310043459000250046565000690049065100920055970000440065191000370069595201190073299900170085100002248620200930021633.0101012s1999 xxu 000 0 spa d aDO-SdBNPbspacBNPHU172eng a016.30482bA644d1 aAponte, Sarah94349810aDominican migration to the United states 1970-1997 :ban annotated bibliography /cSarah Aponte ; prólogo Silvio Torres Saillant. aNew York :bThe Cuny Dominican Studies Institute,c1999. a178 p. ;c22 cm. aIncluye referencias bibliográficas y notas al pie de páginas aBibliografías p. 119-145 aInventariado 2018/DG 4aDominicanos en estados unidosy1970-1997xBibliografías946331 4aRepública DominicanaxEmigración E Inmigracióny1970-1997xBibliografías94633212aTorres Saillent, Silvioepról.946333 aValidado. Control de calidad MFF 001050718MOaPDbPDcHDd2010-10-12iLF1l0o016.30482 A644dp22486-10r2020-06-25w2020-06-25y1ZNo se presta c21984d21984